| 000 | 00693nam a2200277Ia 4500 | ||
|---|---|---|---|
| 008 | 171120s9999 xx 000 0 und d | ||
| 020 | _a9710868780 | ||
| 050 | _a610.69 | ||
| 050 | _bP979 2008 | ||
| 100 | _aPujalte, Jose M. | ||
| 245 | _aHealing thoughts : | ||
| 245 | _bRandomly medical / | ||
| 245 | _cby Jose M. Pujalte. | ||
| 250 | _aSecond edition | ||
| 260 | _aPhilippines : | ||
| 260 | _bNational Book Store, | ||
| 260 | _c2008 | ||
| 300 | _a185 pages : | ||
| 300 | _billustrations ; | ||
| 300 | _c22cm. | ||
| 650 | _aMedicine -- | ||
| 650 | _aMedicine in literature. | ||
| 650 | _aPhysicians writings, English. | ||
| 650 | _xMiscellanea. | ||
| 700 | _aTitle. | ||
| 999 |
_c345236 _d345236 |
||